000 00705naa a2200229 i 4500
001 82453
003 ES-MaBCM
005 20241016120949.0
008 020410s2002 fra 000 0 fre d
021 _axx
035 _a(OCoLC)1365143374
040 _cES-MaBCM
041 0 _afre
043 _afra
100 1 _aCottin, Marianne
_910993
245 1 0 _aLa Cour de Cassation se dote d'une procédure d'admission des pourvois en cassation
_cMarianne Cottin
650 2 7 _aTribunales supremos
_960548
650 2 7 _aRecurso de casación
_957837
651 4 _aFrancia
_9115364
773 0 _aEn:
_tRecueil Dalloz
_dParis : 2002
_w105307
_g178 année, nº 9, févr., p.748-750. - Loc. S.334
942 _cAREV
999 _c82453
_d82453